Дело о пожаловании чиновникам Конторы следующих чинов

Доступно только в Электронных читальных залах Найти на картеНа карте
RUSMARC
00003584nmc2a22000003x 450
0017980ca50-bdc9-4bdb-8861-0fe024084eeb
00520181127171429.0
100##$a20170110l18241825k l0rusy0189 ca
1010#$arus
102##$aRU
2001#$aДело о пожаловании чиновникам Конторы следующих чинов
$j3 декабря 1824 г. - 31 декабря 1825 г.
251##$cДело
300##$aДело
801#0$aRU
$bРГИА
$c20170110
$gRCR
801#1$aRU
$bГлавНИВЦ
$c20170110
$2rusmarc
801#2$aRU
$bПБ им. Б.Н. Ельцина
$c20181127
$gRCR
$2rusmarc
850##$aРГИА
852##$aРГИА
$eФедеральное казенное учреждение "Российский государственный исторический архив" (РГИА)
$j2688
937##$hРГИА
$d12236013
$aASBIBLIO_SCAN
462#0$1001dd3991dc-24e1-42ec-8838-ca4255420416
$12001
$a1746-1850 гг.
$1251
$cОпись
$1852
$j1
461#0$10019264ebf8-de62-4f1a-9eb4-9f22098dbbd5
$12001
$aДирекция императорских театров МИДв
$1251
$cФонд
$1852
$j497
215##$a13 л.
$d36,5х26 см
371##$aДокумент не является опубликованным и широко распространяемым
105##$ay###
1222#$ad
035##$a7980ca50-bdc9-4bdb-8861-0fe024084eeb
856##$uhttp://readingroom.main.prlib.ru/item.aspx?id_node=n121069441&mode=full
Формат отображения